| 000 | 00535nam a22001817a 4500 | ||
|---|---|---|---|
| 003 | DO-SdBNP | ||
| 005 | 20180206114324.0 | ||
| 008 | 160616b dr 1960 |||| 00| 0 spa d | ||
| 040 |
_aBPMSU _bspa _cBPMSU |
||
| 082 | 4 |
_axxxxx _bxxxxx |
|
| 100 | 1 | _aRamírez Vázquez, José | |
| 245 | 1 |
_aCurso de técnico electrícista / _cJosé Ramírez Vázquez |
|
| 260 |
_aSanto Domingo : _bCEAC, _c1960. |
||
| 300 |
_a76 p. : _bil., _c22 cm. |
||
| 942 |
_2ddc _cBK |
||
| 945 | _aInventariado, 2018 / BT | ||
| 956 |
_aBTAVÁREZ _b10 _d120160616 _fB¨MSU _h0038 |
||
| 999 |
_c10414 _d10414 |
||